| 000 | 00353nam a2200121Ia 4500 | ||
|---|---|---|---|
| 008 | 220217s9999||||xx |||||||||||||| ||und|| | ||
| 082 | _a005.13 MUK | ||
| 100 | _aMukhi, Vijay Gandhi, Meeta | ||
| 245 | 0 | _aC odyssey C++ and graphics: the future of C | |
| 260 |
_aBPB publications _bNew Delhi _c1992 |
||
| 300 | _b250 | ||
| 650 | _aPROGRAMMING LANGUAGE | ||
| 999 |
_c168367 _d168367 |
||